Effectiveness of Administrative Services in Czech Republic

Analýza efektívnosti českého systému verejnej správy so zameraním na veľkosť a typ administratívnych jednotiek a návrhy riešení, ktoré majú viesť k zvýšeniu efektívnosti a zlepšeniu administratívnych služieb a poskytovania verejných služieb prostredníctvom DEA a regresných modelov.

Na minha lista:
Detalhes bibliográficos
Autor principal: Černěnko, Tomáš, 1981-
Outros Autores: Peciar, Vladimír
Formato: Capítulo de Livro
Idioma:inglês
Assuntos:
Tags: Adicionar Tag
Sem tags, seja o primeiro a adicionar uma tag!

MARC

LEADER 00000nla$a2200000$$$4500
001 0245678
005 20240502083655.9
041 0 |a eng 
044 |a CZ 
245 1 0 |a Effectiveness of Administrative Services in Czech Republic  |c Tomáš Černěnko, Vladimír Peciar 
520 |a Analýza efektívnosti českého systému verejnej správy so zameraním na veľkosť a typ administratívnych jednotiek a návrhy riešení, ktoré majú viesť k zvýšeniu efektívnosti a zlepšeniu administratívnych služieb a poskytovania verejných služieb prostredníctvom DEA a regresných modelov. 
610 2 0 |a administratíva 
610 2 0 |a sektor verejný 
610 2 0 |a správa verejná 
610 2 0 |a služby verejné 
610 2 0 |a efektívnosť práce 
610 2 0 |a Česko 
100 1 |a Černěnko, Tomáš, 1981- 
700 1 |a Peciar, Vladimír